| 000 | 00780cam a2200253 4500 | ||
|---|---|---|---|
| 001 | 32604 | ||
| 003 | BD-RjUL | ||
| 005 | 20211209051849.0 | ||
| 008 | 140427s1968 nyubfh b 001 0 eng | ||
| 035 | _a(BD-RjUL)32693 | ||
| 040 |
_aDLC _cDLC _dDLC _dBD-RjUL _beng |
||
| 041 | _aeng | ||
| 082 | 0 | 0 |
_a297.822 _bLEA 1968 |
| 100 | 1 |
_aLewis, Bernard, _d1916- _970535 |
|
| 245 | 1 | 4 |
_aThe Assassins: a radical sect in Islam : _bA Redical sect in islam / _cBernard Lewis |
| 260 |
_aNew York : _bBasic Books, _c1968. |
||
| 300 |
_a166 p. : _bill. ; _c22 cm. |
||
| 504 | _aBibliographical references included in "Notes" (p. [141]-160) | ||
| 504 | _aIncludes index. | ||
| 650 | 0 |
_aAssassins (Ismailites) _973611 |
|
| 942 |
_2ddc _cBK |
||
| 999 |
_c32604 _d32604 |
||